| 000 | 00514nam a2200193Ia 4500 | ||
|---|---|---|---|
| 005 | 20250623190641.0 | ||
| 008 | 250623s9999||||xx |||||||||||||| ||und|| | ||
| 020 | _a9781107431812 | ||
| 020 | _qpbk | ||
| 082 |
_a417.7 _bCRY |
||
| 100 | _aCrystal, David | ||
| 245 | 0 | _aLanguage death | |
| 250 | _a1st pub. 2000 ; Carto Classics ed. 2017 | ||
| 260 |
_aCambridge _bCambridge University Press _c2017 |
||
| 300 | _axi, 262p. ; 21cm. | ||
| 490 | _aCanto classics | ||
| 653 | _aLanguage obsolescence | ||
| 942 | _cBK | ||
| 999 |
_c52750 _d52750 |
||